| 000 | 02779nam2a22004211 4500 | ||
|---|---|---|---|
| 001 | RU\NLR\A1SV\25363 | ||
| 005 | 20260407114946.0 | ||
| 035 | _a(NLR Aleph) 009709700 | ||
| 090 |
_a13478931 _c13478931 |
||
| 100 | _a19800427d1923 u y0rusy50 ca | ||
| 101 | 0 | _arus | |
| 200 | 0 |
_aТ.2 _fПод ред. Петра Ярославцева |
|
| 210 | _d1923 | ||
| 215 | _a379 с., 8 л. ил. | ||
| 327 | 1 | _aАвт.: Осип Мандельштам, Михаил Булгаков, Марина Цветаева, Леонид Леонов, Василий Каменский, Бор. Пильняк, Джек Лондон, Вячеслав Езерский, Юрий Слезкин, Петр Ярославцев, Михаил Козырев, Э.Голлербах, Эмиль Миндлин, Лев Варшавский, Н.Н.Русов, Н.Н.Евреинов, Ефим Зозуля, проф. Н.Тихонов | |
| 461 | 1 |
_1001RU\NLR\A1SV\25361 _12000#$aВозрождение$eЛит.-худож. и науч.-попул. ил. альм.$vТ.2 _99827240 _cМ. _d1922-1923 _nВремя _oЛит.-худож. и науч.-попул. ил. альм. _tВозрождение _vТ.2 |
|
| 701 | 1 |
_aБулгаков _bМ.А. _f1891-1940 _gМихаил Афанасьевич _4070 |
|
| 701 | 1 |
_aЕвреинов _bН.Н. _f1879-1953 _gНиколай Николаевич _4070 |
|
| 701 | 1 |
_aВаршавский _bЛ.Р. _f1891- _gЛев Романович _4070 |
|
| 701 | 1 |
_4070 _7ca _8rus _aЛондон _bД. _f1876-1916 _gДжек _9117396 _3RU\NLR\AUTH\777462 |
|
| 701 | 1 |
_4070 _7ca _8rus _aЦветаева _bМ. И. _f1892-1941 _gМарина Ивановна _9118995 _3RU\NLR\AUTH\779131 |
|
| 701 | 1 |
_aЯрославцев _bП. _gПетр _4070 |
|
| 701 | 1 |
_4070 _7ca _8rus _aЛеонов _bЛ.М. _cписатель _f1899-1994 _gЛеонид Максимович _914142 _3RU\NLR\AUTH\7731130 |
|
| 701 | 1 |
_4070 _7ca _8rus _aКаменский _bВ. В. _cпоэт, прозаик _f1884-1961 _gВасилий Васильевич _926253 _3RU\NLR\AUTH\7743310 |
|
| 701 | 1 |
_aПильняк _bБ.А. _f1894-1938 _gБорис Андреевич _4070 |
|
| 701 | 1 |
_4070 _7ca _8rus _aМандельштам _bО. Э. _f1891-1938 _gОсип Эмильевич _9110553 _3RU\NLR\AUTH\77504 |
|
| 701 | 1 |
_aМиндлин _bЭ.Л. _f1900-1981 _gЭмилий Львович _4070 |
|
| 701 | 1 |
_aРусов _bН.Н. _f1884- _gНиколай Николаевич _4070 |
|
| 701 | 1 |
_aТихонов _bН.С. _f1896-1979 _gНиколай Семенович _4070 |
|
| 701 | 1 |
_aЗозуля _bЕ.Д. _f1891-1941 _gЕфим Давидович _4070 |
|
| 801 | 0 |
_aRU _bNLR _c19800427 |
|
| 852 |
_aNLR _j37.42.5.74-2 |
||
| 852 |
_aNLR _j52/1078-2 |
||
| 852 |
_aNLR _jМф К-1/12848-2 |
||
| 942 | _cBOOK | ||
| 980 | _aA1SV | ||
| 980 | _aNB | ||